Tratado general del agua y su distribución : la técnica de aforo del consumo de aguas de poblaciones /

Guardado en:
Autor Principal: Pürschel, Wolfgang.
Formato: Libro
Idioma:Spanish
Publicado: Bilbao : Urmo, 1976.
Materias:
Etiquetas: Agregar Etiqueta
Sin Etiquetas, Sea el primero en etiquetar este registro!
LEADER 00705nam a22002055a 4500
001 EUN.um068646
008 041125s1976####sp#a##########000#0#spa#d
005 20131219113712.0
245 1 0 |a Tratado general del agua y su distribución :  |b la técnica de aforo del consumo de aguas de poblaciones /  |c Wolfgang Pürschel. 
260 |a Bilbao :  |b Urmo,  |c 1976. 
300 |a 7 v. :  |b il. ;  |c 23,5 cm. 
020 |a 8431402857 
100 1 |a Pürschel, Wolfgang. 
082 0 4 |a 628.6 
653 |a Agua 
653 |a Consumo de agua 
653 |a Ingenieria del abastecimiento de agua 
653 |a Ingenieria hidraulica 
653 |a Abastecimiento de agua 
859 |a Ar-BaUNS  |b BIB. CENTRAL - Sector C  |h 628.6  |i P976  |p 112155/001  |v v.1